CURRENT DIAGNOSIS & TREATMENT (Record no. 14962)

MARC details
000 -LEADER
fixed length control field 00258nam a22001097a 4500
003 - CONTROL NUMBER IDENTIFIER
control field SGT
082 ## - DEWEY DECIMAL CLASSIFICATION NUMBER
Classification number 616.024
Item number C15C
100 ## - MAIN ENTRY--PERSONAL NAME
Personal name CRAWFORD. MICHAEL H.
245 ## - TITLE STATEMENT
Title CURRENT DIAGNOSIS & TREATMENT
260 ## - PUBLICATION, DISTRIBUTION, ETC. (IMPRINT)
Place of publication, distribution, etc INDIA
Name of publisher, distributor, etc MC GRAW HILL
Year of Publication 2015
942 ## - ADDED ENTRY ELEMENTS (KOHA)
Source of classification or shelving scheme Dewey Decimal Classification
Koha item type Books
942 ## - ADDED ENTRY ELEMENTS (KOHA)
-- 27
Holdings
Withdrawn status Lost status Source of classification or shelving scheme Damaged status Not for loan Collection code Home library Current library Shelving location Date acquired Vendor Name SGTU Total Checkouts Full call number Accession No. (Barcode) Date last seen Date last borrowed Bill Date Koha item type Total Renewals
    Dewey Decimal Classification     MEDICAL SGT Medical Library SGT Medical Library Reference Book 31/01/2018 ABC SGTU 10 616.024 C15C FM9820 26/05/2025 13/05/2025 31/01/2018 Books  
    Dewey Decimal Classification     MEDICAL SGT Medical Library SGT Medical Library Reference Book 31/01/2018 ABC SGTU 9 616.024 C15C FM9821 14/06/2025 29/05/2025 31/01/2018 Books  
    Dewey Decimal Classification     MEDICAL SGT Medical Library SGT Medical Library Reference Book 31/01/2018 ABC SGTU 8 616.024 C15C FM9822 01/06/2026 14/05/2026 31/01/2018 Books  
    Dewey Decimal Classification     MEDICAL SGT Medical Library SGT Medical Library Reference Book 31/01/2018 ABC SGTU 1 616.024 C15C FM9823 27/04/2019 18/04/2019 31/01/2018 Books  
    Dewey Decimal Classification     MEDICAL SGT Medical Library SGT Medical Library Reference Book 31/01/2018 ABC SGTU 9 616.024 C15C FM9824 07/04/2026 23/03/2026 31/01/2018 Books 1
    Dewey Decimal Classification     MEDICAL SGT Medical Library SGT Medical Library Reference Book 31/01/2018 ABC SGTU 12 616.024 C15C FM9825 01/10/2025 24/09/2025 31/01/2018 Books